Zamestnanie, retencia a zamestnanecké výhody
Starostlivosť o zamestnancov a voľba vhodných metód stimulácie vypovedá o charaktere organizácie a súčasne o práci v nej. Dôvody odchodu zamestnancov z organizácie. Hmotné a nehmotné výhody. Hlavné stimulačné benefity.
Salvato in:
| Autore principale: | |
|---|---|
| Natura: | Capitolo di libro |
| Lingua: | slovacco |
| Soggetti: | |
| Tags: |
Nessun Tag, puoi essere il primo ad aggiungerne!!
|
MARC
| LEADER | 00000naa a2200000 4500 | ||
|---|---|---|---|
| 001 | 0149826 | ||
| 005 | 20231120125517.0 | ||
| 041 | 0 | |a slo | |
| 044 | |a SK | ||
| 245 | 1 | 0 | |a Zamestnanie, retencia a zamestnanecké výhody |c Viera Farkašová |
| 520 | |a Starostlivosť o zamestnancov a voľba vhodných metód stimulácie vypovedá o charaktere organizácie a súčasne o práci v nej. Dôvody odchodu zamestnancov z organizácie. Hmotné a nehmotné výhody. Hlavné stimulačné benefity. | ||
| 610 | 2 | 0 | |a podnik |
| 610 | 2 | 0 | |a starostlivosť o pracovníkov |
| 610 | 2 | 0 | |a benefity |
| 100 | 1 | |a Farkašová, Viera | |